[Event "Politiken Cup 2007"]
[Site "Helsingor"]
[Date "2007.07.22"]
[Round "3.94"]
[White "Nordfjoerd, Sverrir"]
[Black "Larsen, Tor Ketil"]
[Result "1/2-1/2"]
[WhiteElo "2039"]
[BlackElo "1694"]
[PlyCount "91"]
[EventDate "2007.??.??"]

1. e4 d5 2. Nc3 dxe4 3. Nxe4 Bf5 4. Ng3 Bg6 5. h4 h6 6. Nf3 Nd7 7. Bc4 e6 8. d4
Bd6 9. Qe2 Ne7 10. Ne5 Bxe5 11. dxe5 Nc6 12. Bb3 Ncxe5 13. f4 Nc6 14. f5 Nd4
15. Qf2 Nxf5 16. h5 Bh7 17. Bf4 O-O 18. O-O-O c6 19. Nxf5 Bxf5 20. Rd2 Qc8 21.
g4 Bh7 22. g5 hxg5 23. Bxg5 Ne5 24. Qg3 f6 25. Bxf6 Rxf6 26. Qxe5 Qb8 27. Rd6
Qf8 28. Bxe6+ Kh8 29. h6 Rf1+ 30. Rxf1 Qxf1+ 31. Rd1 Qg2 32. hxg7+ Qxg7 33.
Qxg7+ Kxg7 34. Rd7+ Kf6 35. Rxh7 Kxe6 36. Rxb7 Kd6 37. Kd2 c5 38. Kd3 Kc6 39.
Rh7 Rd8+ 40. Kc4 Rd4+ 41. Kc3 Kb6 42. a3 Rd6 43. b3 Rf6 44. Rd7 Rf3+ 45. Kc4
Rf4+ 46. Kc3 1/2-1/2

[Event "Politiken Cup 2007"]
[Site "Helsingor"]
[Date "2007.07.22"]
[Round "3.95"]
[White "Johansen, Stian"]
[Black "Valla, Martin"]
[Result "0-1"]
[WhiteElo "1000"]
[BlackElo "2033"]
[PlyCount "32"]
[EventDate "2007.??.??"]

1. e4 Nf6 2. e5 Nd5 3. c4 Nb6 4. d4 d6 5. Nf3 g6 6. exd6 cxd6 7. Nc3 Bg7 8. Be3
O-O 9. Qd2 Nc6 10. Bh6 Bg4 11. Bxg7 Kxg7 12. d5 Bxf3 13. gxf3 Ne5 14. f4 Nf3+
15. Kd1 Nxd2 16. Kxd2 e5 0-1

[Event "Politiken Cup 2007"]
[Site "Helsingor"]
[Date "2007.07.22"]
[Round "3.96"]
[White "Percivaldi, Martin"]
[Black "Johansson, Alexander"]
[Result "0-1"]
[WhiteElo "1000"]
[BlackElo "2028"]
[PlyCount "38"]
[EventDate "2007.??.??"]

1. d4 Nf6 2. c4 e6 3. Nc3 Bb4 4. Bd2 O-O 5. f3 d5 6. a3 Be7 7. e4 dxe4 8. fxe4
Qxd4 9. Bf4 Qb6 10. Nb5 Na6 11. b4 Nxe4 12. Qf3 f5 13. c5 Naxc5 14. Be3 a6 15.
Bxc5 Bxc5 16. bxc5 Qa5+ 17. Nc3 Nxc3 18. Ne2 Ne4+ 19. Kd1 Qd2# 0-1

[Event "Politiken Cup 2007"]
[Site "Helsingor"]
[Date "2007.07.22"]
[Round "3.97"]
[White "Nielsen, John Holm"]
[Black "Jørgensen, Rasmus"]
[Result "0-1"]
[WhiteElo "2024"]
[BlackElo "1399"]
[PlyCount "66"]
[EventDate "2007.??.??"]

1. Nc3 Nf6 2. e4 d6 3. d4 g6 4. f4 Bg7 5. Nf3 O-O 6. Bc4 Nxe4 7. Nxe4 d5 8. Bd3
dxe4 9. Bxe4 c6 10. Be3 Nd7 11. Qd2 Nf6 12. Bd3 Nd5 13. Bf2 Bh6 14. g3 c5 15.
dxc5 e5 16. O-O-O exf4 17. Bc4 Be6 18. Kb1 Ne3 19. Bxe3 fxe3 20. Qc3 Qe7 21.
Rd6 Bxc4 22. Qxc4 Rac8 23. Qd5 Rc7 24. Ne5 Rfc8 25. b4 a5 26. a3 axb4 27. axb4
Bg7 28. Nd3 Ra8 29. Nb2 Bc3 30. Qd3 Ra3 31. Rd4 Bxb2 32. Kxb2 Rxd3 33. Rxd3 Qe4
0-1

[Event "Politiken Cup 2007"]
[Site "Helsingor"]
[Date "2007.07.22"]
[Round "3.98"]
[White "Dalberg, Preben"]
[Black "Brandt, Eivind"]
[Result "1-0"]
[WhiteElo "2205"]
[BlackElo "1030"]
[PlyCount "67"]
[EventDate "2007.??.??"]

1. d4 d5 2. c4 e6 3. Nc3 Nf6 4. Bg5 Be7 5. e3 O-O 6. Nf3 b6 7. Rc1 Nbd7 8. cxd5
exd5 9. Bd3 h6 10. Bf4 c6 11. O-O Nh5 12. Ne2 Bb7 13. Bb1 Nxf4 14. Nxf4 Nf6 15.
Ne5 Rc8 16. Qd3 Bd6 17. Qf5 g6 18. Nexg6 fxg6 19. Qxg6+ Kh8 20. Qxh6+ Kg8 21.
Qg6+ Kh8 22. Ne6 Qd7 23. Nxf8 Rxf8 24. f3 Rf7 25. Bf5 Qe7 26. Qh6+ Kg8 27. e4
dxe4 28. fxe4 Nxe4 29. Be6 Ng5 30. Bxf7+ Nxf7 31. Qg6+ Kf8 32. Rce1 Qc7 33.
Rxf7+ Qxf7 34. Qxd6+ 1-0

[Event "Politiken Cup 2007"]
[Site "Helsingor"]
[Date "2007.07.22"]
[Round "3.99"]
[White "Persson, Borje"]
[Black "Jorgensen, Dennis"]
[Result "0-1"]
[WhiteElo "1804"]
[BlackElo "2190"]
[PlyCount "58"]
[EventDate "2007.??.??"]

1. e4 c6 2. d4 d5 3. Nc3 dxe4 4. Nxe4 Nd7 5. Ng5 Ngf6 6. Bd3 e6 7. N1f3 Bd6 8.
c4 h6 9. Ne4 Nxe4 10. Bxe4 O-O 11. O-O c5 12. Bb1 Qc7 13. Qd3 Nf6 14. dxc5 Bxc5
15. b3 Rd8 16. Qc2 b6 17. Bb2 Be7 18. Be5 Qc5 19. Bxf6 Bxf6 20. Qh7+ Kf8 21.
Be4 Bxa1 22. Rxa1 Rb8 23. Qh8+ Ke7 24. Qxg7 Bd7 25. Ne5 Be8 26. Ng6+ Kd6 27.
Ne5 Qxe5 28. Rd1+ Ke7 29. Rxd8 Rxd8 0-1

[Event "Politiken Cup 2007"]
[Site "Helsingor"]
[Date "2007.07.22"]
[Round "3.100"]
[White "Melkeraaen, Terje"]
[Black "Jonsson, Krister"]
[Result "1/2-1/2"]
[WhiteElo "1801"]
[BlackElo "2114"]
[PlyCount "86"]
[EventDate "2007.??.??"]

1. d4 Nf6 2. c4 e6 3. Nc3 Bb4 4. Qc2 O-O 5. Bg5 d5 6. e3 h6 7. Bh4 Nbd7 8. Nf3
c5 9. cxd5 exd5 10. Be2 Re8 11. O-O Bxc3 12. Qxc3 b6 13. Bb5 g5 14. Bg3 Ne4 15.
Qc2 Bb7 16. Ne5 Nxg3 17. fxg3 Nxe5 18. Bxe8 Qxe8 19. dxe5 Qxe5 20. Qf5 Qxf5 21.
Rxf5 Re8 22. Kf2 Kg7 23. h3 Kg6 24. g4 Re4 25. Rd1 h5 26. Rfxd5 Bxd5 27. gxh5+
Kxh5 28. Rxd5 Kg6 29. Kf3 Rc4 30. Rd2 Kf6 31. e4 Ke6 32. g3 f6 33. h4 gxh4 34.
gxh4 f5 35. exf5+ Kxf5 36. Rh2 Rd4 37. h5 Rd7 38. h6 Rh7 39. a4 Kg6 40. Ke4
Re7+ 41. Kd5 Kh7 42. a5 bxa5 43. Kxc5 Rb7 1/2-1/2

[Event "Politiken Cup 2007"]
[Site "Helsingor"]
[Date "2007.07.22"]
[Round "3.101"]
[White "Nilsson, Ulf"]
[Black "Lubbers, Johan"]
[Result "0-1"]
[WhiteElo "1800"]
[BlackElo "2077"]
[PlyCount "96"]
[EventDate "2007.??.??"]

1. d4 Nf6 2. Nf3 g6 3. g3 Bg7 4. Bg2 O-O 5. O-O d6 6. c4 c6 7. Nc3 Nbd7 8. e4
e5 9. h3 Re8 10. Be3 exd4 11. Nxd4 Nc5 12. Qc2 Qe7 13. Bg5 h6 14. Bxf6 Bxf6 15.
Rad1 Bg7 16. Rfe1 Ne6 17. Nf3 Qc7 18. Qd2 Bf8 19. b3 Kh7 20. e5 dxe5 21. Nxe5
Bg7 22. Ng4 f5 23. Nh2 Rd8 24. Qc1 Rxd1 25. Nxd1 Bd7 26. Nf3 Rf8 27. Qa3 b6 28.
Ne3 Rf7 29. Rd1 f4 30. Nf1 fxg3 31. fxg3 Nc5 32. b4 Ne6 33. Qd3 c5 34. Nh4 Nf8
35. Be4 Bd4+ 36. Kh1 Rf6 37. Nf3 Bxh3 38. Nxd4 cxd4 39. Bg2 Bxg2+ 40. Kxg2 Ne6
41. Nd2 Qb7+ 42. Qe4 Qxe4+ 43. Nxe4 Rf7 44. c5 Kg7 45. Nd6 Rd7 46. Rf1 h5 47.
Rd1 bxc5 48. bxc5 Kf6 0-1

[Event "Politiken Cup 2007"]
[Site "Helsingor"]
[Date "2007.07.22"]
[Round "3.102"]
[White "Joensen, Jogvan"]
[Black "Petersen, Nils"]
[Result "1/2-1/2"]
[WhiteElo "1752"]
[BlackElo "2026"]
[PlyCount "79"]
[EventDate "2007.??.??"]

1. d4 Nf6 2. Nf3 e6 3. Bf4 c5 4. e3 d5 5. c3 Nc6 6. Nbd2 Qb6 7. b3 Be7 8. Bd3
O-O 9. Ne5 cxd4 10. exd4 Qd8 11. Qf3 Nxe5 12. dxe5 Ne8 13. Qh5 f5 14. Nf3 Qc7
15. Bd2 Bd8 16. O-O Qf7 17. Qh3 Qg6 18. Nd4 Bd7 19. Be2 Bg5 20. f4 Be7 21. Qd3
Qf7 22. Rf3 g6 23. h3 Ng7 24. g4 Rac8 25. g5 Bc5 26. h4 a6 27. a4 b5 28. Be3
Bxd4 29. Bxd4 Rc7 30. Qd2 Rfc8 31. Rh3 Be8 32. Qd1 Nh5 33. Qf1 Bd7 34. Bxh5
gxh5 35. Rg3 Kg7 36. Qg2 Kg6 37. axb5 Bxb5 38. Qa2 Qd7 39. Qa3 Qe7 40. Qd6
1/2-1/2

[Event "Politiken Cup 2007"]
[Site "Helsingor"]
[Date "2007.07.22"]
[Round "3.103"]
[White "Palvig, David Kinch"]
[Black "Arvola, Benjamin"]
[Result "0-1"]
[WhiteElo "1741"]
[BlackElo "2022"]
[PlyCount "74"]
[EventDate "2007.??.??"]

1. d4 Nf6 2. Nf3 d5 3. Bf4 g6 4. e3 Bg7 5. c3 O-O 6. Nbd2 Bf5 7. Be2 c5 8. O-O
Nc6 9. Ne5 Nd7 10. Ndf3 f6 11. Nxd7 Qxd7 12. Bd3 Bxd3 13. Qxd3 e5 14. dxe5 fxe5
15. e4 exf4 16. Qxd5+ Qxd5 17. exd5 Ne5 18. Nxe5 Bxe5 19. Rfe1 Rfe8 20. Re4 Kf7
21. Rae1 Bd6 22. c4 Rxe4 23. Rxe4 Re8 24. Rxe8 Kxe8 25. f3 Ke7 26. Kf2 Kf6 27.
Ke2 h5 28. Kd3 Kf5 29. a3 g5 30. Kc3 a6 31. b4 Ke5 32. bxc5 Bxc5 33. a4 Kd6 34.
Kd3 b5 35. axb5 axb5 36. h3 bxc4+ 37. Kxc4 Bf2 0-1

[Event "Politiken Cup 2007"]
[Site "Helsingor"]
[Date "2007.07.22"]
[Round "3.104"]
[White "Thorfinnsdottir, Elsa Maria"]
[Black "Jensen, Soren Holm"]
[Result "1/2-1/2"]
[WhiteElo "1693"]
[BlackElo "2004"]
[PlyCount "107"]
[EventDate "2007.??.??"]

1. e4 e5 2. Nf3 Nc6 3. Bc4 Bc5 4. c3 Nf6 5. d4 exd4 6. cxd4 Bb4+ 7. Bd2 Bxd2+
8. Nbxd2 d5 9. exd5 Nxd5 10. Qb3 Nce7 11. Ne5 O-O 12. O-O c6 13. Rfe1 Qb6 14.
Qxb6 axb6 15. a3 Be6 16. Ne4 Rad8 17. Ng5 Bf5 18. Ngf3 f6 19. Ng4 Rfe8 20. Ne3
Be6 21. Nc2 Bf7 22. Re2 Kf8 23. Bxd5 Nxd5 24. Rae1 Rxe2 25. Rxe2 Bh5 26. Nce1
Kf7 27. Re4 Bg6 28. Re2 Nf4 29. Re3 Ne6 30. Rb3 Nxd4 31. Rxb6 Nxf3+ 32. gxf3
Rd1 33. Rxb7+ Ke6 34. Rxg7 Rxe1+ 35. Kg2 Kd6 36. b4 Re7 37. Rxe7 Kxe7 38. f4
Kd6 39. a4 Bc2 40. a5 Bd3 41. Kf3 c5 42. bxc5+ Kxc5 43. Ke3 Bf5 44. a6 Kb6 45.
Kd4 Kxa6 46. Kd5 Kb5 47. Kd6 Kc4 48. Ke7 Kd4 49. Kxf6 Ke4 50. Kg5 Bg6 51. f3+
Kxf3 52. f5 Bf7 53. Kh6 Kf4 54. Kxh7 1/2-1/2

[Event "Politiken Cup 2007"]
[Site "Helsingor"]
[Date "2007.07.22"]
[Round "3.105"]
[White "Eiholt, Bjarne"]
[Black "Goes, Dirk"]
[Result "0-1"]
[WhiteElo "1647"]
[BlackElo "1987"]
[PlyCount "70"]
[EventDate "2007.??.??"]

1. d4 e6 2. c4 b6 3. Nc3 Bb4 4. e4 Bb7 5. Bd3 f5 6. d5 fxe4 7. Bxe4 Nf6 8. Bg5
exd5 9. Bxd5 Bxd5 10. cxd5 Qe7+ 11. Nge2 Bxc3+ 12. bxc3 Na6 13. O-O Qe5 14.
Bxf6 Qxf6 15. Qd4 Qxd4 16. Nxd4 O-O 17. Nb5 c6 18. Nd6 cxd5 19. Rad1 Nc7 20. c4
Rf6 21. Nb5 Nxb5 22. cxb5 Rd6 23. Rc1 a6 24. a4 axb5 25. axb5 Ra4 26. g3 Kf7
27. Rfe1 d4 28. Re4 Rb4 29. Rf4+ Ke7 30. Rc8 Rf6 31. Rg4 g6 32. Rb8 Rb1+ 33.
Kg2 Rxb5 34. Rxd4 Rb2 35. Re4+ Kf7 0-1

[Event "Politiken Cup 2007"]
[Site "Helsingor"]
[Date "2007.07.22"]
[Round "3.106"]
[White "Svane, Rasmus"]
[Black "Hobber, Anders"]
[Result "1-0"]
[WhiteElo "1617"]
[BlackElo "1954"]
[PlyCount "51"]
[EventDate "2007.??.??"]

1. e4 e6 2. d4 d5 3. Nd2 Nf6 4. e5 Nfd7 5. c3 c5 6. Bd3 Nc6 7. Ngf3 Qb6 8. O-O
cxd4 9. cxd4 Nxd4 10. Nxd4 Qxd4 11. Nf3 Qb6 12. Qa4 Bc5 13. Qg4 Kf8 14. Bd2
Qxb2 15. Rac1 Qb6 16. Rc2 f5 17. Qf4 Be7 18. Rfc1 Qd8 19. Nd4 Nc5 20. Rxc5 Bxc5
21. Rxc5 Qb6 22. Bb4 Kf7 23. Nb5 g6 24. Rc7+ Ke8 25. Qg5 Qxc7 26. Nxc7+ 1-0

[Event "Politiken Cup 2007"]
[Site "Helsingor"]
[Date "2007.07.22"]
[Round "3.107"]
[White "Reppen, Ellisiv"]
[Black "Søndergaard, Thomas"]
[Result "1/2-1/2"]
[WhiteElo "1922"]
[BlackElo "1778"]
[PlyCount "78"]
[EventDate "2007.??.??"]

1. e4 c5 2. Nf3 Nc6 3. d4 cxd4 4. Nxd4 Qc7 5. Nc3 e6 6. Nxc6 bxc6 7. Bd3 Nf6 8.
Be3 Be7 9. h3 O-O 10. O-O Rd8 11. f4 d6 12. Ne2 c5 13. c3 Bb7 14. Ng3 a5 15.
Qe2 Bc6 16. Rac1 Rab8 17. Qf2 c4 18. Bb1 Qb7 19. e5 Nd5 20. Ba7 Ra8 21. Bd4 Bh4
22. exd6 Rxd6 23. Bxg7 Kxg7 24. Nh5+ Kf8 25. Qxh4 Ne3 26. Rf2 Rad8 27. Nf6 Rd1+
28. Rxd1 Rxd1+ 29. Kh2 Bxg2 30. Nxh7+ Ke8 31. Nf6+ Ke7 32. Ne4+ Kf8 33. Qh8+
Ke7 34. Qf6+ Kf8 35. Qh6+ Ke8 36. Qh8+ Ke7 37. Qf6+ Kf8 38. Qh6+ Ke8 39. Qh8+
Ke7 1/2-1/2

[Event "Politiken Cup 2007"]
[Site "Helsingor"]
[Date "2007.07.22"]
[Round "3.108"]
[White "Agdestein, Einar Døving"]
[Black "Ziska, Andrias"]
[Result "0-1"]
[WhiteElo "1314"]
[BlackElo "1901"]
[PlyCount "102"]
[EventDate "2007.??.??"]

1. e4 c5 2. Nf3 d6 3. d4 cxd4 4. Nxd4 Nf6 5. Nc3 a6 6. g3 b5 7. Bg2 Bb7 8. Qd3
Nbd7 9. Nb3 Ne5 10. Qe2 Rc8 11. O-O e6 12. h3 Be7 13. f4 Nc4 14. Kh2 O-O 15. e5
Bxg2 16. exf6 Bxf1 17. fxe7 Bxe2 18. exd8=Q Rfxd8 19. Nxe2 Nxb2 20. c3 Nc4 21.
a4 d5 22. Kg1 h6 23. axb5 axb5 24. Nbd4 Nd6 25. Ra6 Ne4 26. Nxb5 Nxc3 27. Nbxc3
d4 28. Nd1 Rc2 29. Kf1 d3 30. Nec3 Rxc1 31. Ke1 Rc2 32. Ra2 Rc8 33. Ra3 Rh2 34.
Ne4 Re2+ 35. Kf1 Rxe4 36. Rxd3 Rc2 37. Nc3 Rb4 38. Nd1 Rb1 39. g4 Ra1 40. Ke1
Raa2 41. Rf3 Rh2 42. Nf2 f5 43. gxf5 exf5 44. Kf1 Ra1+ 45. Ke2 Kf7 46. Ke3 Ra2
47. Nd3 Kf6 48. Rg3 Rhe2+ 49. Kd4 Re4+ 50. Kc5 Ra5+ 51. Kb6 Ra3 0-1

[Event "Politiken Cup 2007"]
[Site "Helsingor"]
[Date "2007.07.22"]
[Round "3.109"]
[White "Larsen, Bror Johannes"]
[Black "Christensen, Emilie Ellegaard"]
[Result "0-1"]
[WhiteElo "1048"]
[BlackElo "1880"]
[PlyCount "68"]
[EventDate "2007.??.??"]

1. e4 c5 2. Nc3 e6 3. f4 Nc6 4. Nf3 d6 5. Bb5 Bd7 6. Bxc6 Bxc6 7. d4 cxd4 8.
Nxd4 Nf6 9. Qd3 Qa5 10. Bd2 Qb6 11. O-O-O Rc8 12. h3 a5 13. Rhg1 e5 14. Nxc6
Rxc6 15. fxe5 dxe5 16. Bg5 Bc5 17. Bxf6 gxf6 18. Na4 Qc7 19. Nxc5 Rxc5 20. Rd2
O-O 21. Rf1 Qe7 22. Qg3+ Kh8 23. Qh4 Rc6 24. Rf5 Rg8 25. Rdf2 Rg6 26. Rh5 Rg7
27. Rhf5 Rg6 28. g4 Qb4 29. Re2 Kg7 30. Qf2 Qc4 31. b3 Qc3 32. a4 Qa1+ 33. Kd2
Rd6+ 34. Ke3 Qc3# 0-1

[Event "Politiken Cup 2007"]
[Site "Helsingor"]
[Date "2007.07.22"]
[Round "3.110"]
[White "Rolvaag, Birk Anders"]
[Black "Nordin, Eric"]
[Result "0-1"]
[WhiteElo "1320"]
[BlackElo "1843"]
[PlyCount "106"]
[EventDate "2007.??.??"]

1. e4 d6 2. Nc3 Nf6 3. g3 g6 4. Bg2 Bg7 5. d3 c5 6. Nge2 Nc6 7. O-O Bg4 8. h3
Bd7 9. Be3 h5 10. d4 cxd4 11. Nxd4 Qc8 12. Kh2 h4 13. g4 Ne5 14. f3 Nc4 15. Qc1
Qc5 16. Nf5 Nxe3 17. Nxe3 Rc8 18. Qd2 Nh7 19. Ncd5 e6 20. Nb4 Bxb2 21. Nd3 Bc3
22. Nxc5 Bxd2 23. Nxb7 Bxe3 24. Nxd6+ Ke7 25. Nxc8+ Rxc8 26. Rab1 Rxc2 27. Rb7
Rxa2 28. Rd1 Nf8 29. Kh1 e5 30. Bf1 Rf2 31. Bb5 Bd4 32. Rc1 Kd6 33. Bxd7 Nxd7
34. Rcc7 Nc5 35. Rxa7 Rxf3 36. Rxf7 Rxh3+ 37. Kg2 Rg3+ 38. Kh2 Nxe4 39. Rfd7+
Ke6 40. Re7+ Kf6 41. Rf7+ Kg5 42. Ra2 Bg1+ 43. Kh1 Nf2+ 44. Rfxf2 Bxf2 45. Rxf2
Kxg4 46. Re2 Kf4 47. Kh2 e4 48. Re1 Kf3 49. Ra1 e3 50. Ra3 Kf2 51. Ra8 e2 52.
Re8 e1=Q 53. Rf8+ Rf3 0-1

[Event "Politiken Cup 2007"]
[Site "Helsingor"]
[Date "2007.07.22"]
[Round "3.111"]
[White "Aanstad, Magnus"]
[Black "van Veelen, Jouke"]
[Result "1-0"]
[WhiteElo "1818"]
[BlackElo "1565"]
[PlyCount "47"]
[EventDate "2007.??.??"]

1. e4 c6 2. d4 d5 3. e5 Bf5 4. Ne2 e6 5. Ng3 Bg6 6. h4 h5 7. Bd3 Bxd3 8. Qxd3
Be7 9. Bf4 Bxh4 10. Nd2 Nd7 11. Nf3 g5 12. Bd2 Bxg3 13. Bxg5 Bxf2+ 14. Kxf2 Qb6
15. g4 h4 16. b3 h3 17. Kg3 Ne7 18. Raf1 c5 19. c3 Nf8 20. Bxe7 Kxe7 21. Ng5
Rg8 22. Rxf7+ Ke8 23. Rhf1 Qd8 24. Rxf8+ 1-0

[Event "Politiken Cup 2007"]
[Site "Helsingor"]
[Date "2007.07.22"]
[Round "3.112"]
[White "Vaarala, Eric"]
[Black "Gade, Jens"]
[Result "1/2-1/2"]
[WhiteElo "1813"]
[BlackElo "1462"]
[PlyCount "58"]
[EventDate "2007.??.??"]

1. d4 d5 2. c4 dxc4 3. e3 Nf6 4. Bxc4 e6 5. Nc3 Be7 6. Nf3 O-O 7. O-O b6 8. Re1
Bb7 9. e4 c5 10. e5 Nd5 11. Nxd5 Bxd5 12. Bd3 cxd4 13. Bb1 Nc6 14. Nxd4 Nxd4
15. Qxd4 Bg5 16. Bxg5 Qxg5 17. Be4 Rfd8 18. f4 Bxe4 19. Qxe4 Qe7 20. Rac1 Rac8
21. h3 g6 22. Kh2 Kg7 23. a3 Rc7 24. Rxc7 Qxc7 25. Re3 Qc1 26. Re2 Qd1 27. Qc2
Qd4 28. Qe4 Qd1 29. Qc2 Qd4 1/2-1/2

[Event "Politiken Cup 2007"]
[Site "Helsingor"]
[Date "2007.07.22"]
[Round "3.113"]
[White "Preuss, Flemming"]
[Black "Suntharalingam, Jathavan"]
[Result "0-1"]
[WhiteElo "2013"]
[BlackElo "1540"]
[PlyCount "142"]
[EventDate "2007.??.??"]

1. e4 c5 2. Nf3 Nc6 3. d4 cxd4 4. Nxd4 e5 5. Nb5 d6 6. N1c3 a6 7. Na3 b5 8. Nd5
Nce7 9. c4 Nxd5 10. exd5 bxc4 11. Bxc4 Nf6 12. O-O Be7 13. Be3 O-O 14. Rc1 Bb7
15. Qb3 Qd7 16. Rfd1 Ng4 17. Bb6 f5 18. Be2 Rac8 19. Nc4 Nf6 20. Nxe5 dxe5 21.
d6+ Bd5 22. Rxd5 Nxd5 23. Qxd5+ Kh8 24. Rd1 Bd8 25. Bc5 Rc6 26. b4 Bb6 27. g3
Bxc5 28. bxc5 Rfc8 29. Qxe5 Rxc5 30. Qf4 a5 31. h4 Rd8 32. h5 Qe6 33. Bf3 Re5
34. h6 Rxd6 35. hxg7+ Kxg7 36. Kg2 Rxd1 37. Bxd1 Re1 38. Bf3 h6 39. Qc7+ Kg6
40. Qxa5 Rb1 41. Bd5 Qe2 42. Qc5 Qf1+ 43. Kh2 Qg1+ 44. Kh3 Qf1+ 45. Bg2 Qa6 46.
a4 Qb6 47. Qxb6+ Rxb6 48. Bf1 Rb2 49. Kg2 Ra2 50. Bb5 Kg5 51. Kf3 Ra3+ 52. Kg2
f4 53. gxf4+ Kxf4 54. Be8 Ra2 55. Bc6 h5 56. Bb5 Ra3 57. Bc6 Ra2 58. Be8 h4 59.
Bd7 Ra3 60. Bc6 h3+ 61. Kh2 Kg4 62. Bd7+ Kh4 63. Bc6 Rc3 64. Bd7 Ra3 65. Bc6
Ra2 66. Kg1 Ra1+ 67. Kh2 Rf1 68. f3 Rf2+ 69. Kg1 Kg3 70. Bb5 h2+ 71. Kh1 Rg2
0-1

[Event "Politiken Cup 2007"]
[Site "Helsingor"]
[Date "2007.07.22"]
[Round "3.115"]
[White "Christensen, Casper"]
[Black "Skovgaard, Tom"]
[Result "0-1"]
[WhiteElo "1524"]
[BlackElo "1995"]
[PlyCount "120"]
[EventDate "2007.??.??"]

1. d4 Nf6 2. c4 e6 3. a3 d5 4. e3 Be7 5. Nc3 O-O 6. Qc2 Nbd7 7. Nf3 b6 8. Bd3
dxc4 9. Bxc4 Bb7 10. e4 c5 11. O-O cxd4 12. Nxd4 Rc8 13. Bd3 Ne5 14. Be3 Nxd3
15. Qxd3 e5 16. Rad1 exd4 17. Bxd4 Bc5 18. Qe3 Qe7 19. Bxc5 Rxc5 20. Rfe1 h6
21. h3 Re8 22. Rd4 Rd8 23. b4 Rcc8 24. Red1 Rxd4 25. Rxd4 Rd8 26. f3 Rd7 27.
Qd2 Qd8 28. Rxd7 Qxd7 29. Qxd7 Nxd7 30. Nb5 a5 31. Nd6 axb4 32. axb4 Ba8 33.
Kf2 Kf8 34. Ke3 Ke7 35. Nf5+ Kf6 36. Kd4 h5 37. g3 g6 38. Nd6 Ke7 39. Nc8+ Ke6
40. Na7 Ne5 41. Ke3 Kd7 42. Nb5 Nc6 43. Kf4 Nxb4 44. Kg5 Bc6 45. Nd4 Ke7 46. e5
Bd7 47. g4 hxg4 48. hxg4 Nc6 49. Nb5 Nxe5 50. Nc3 Nxf3+ 51. Kf4 Bc6 52. Ke3 Kd6
53. Ne4+ Bxe4 54. Kxe4 Ne5 55. g5 Ke6 56. Kf4 b5 57. Ke4 b4 58. Kd4 Nc6+ 59.
Ke4 b3 60. Kd3 Nd4 0-1

[Event "Politiken Cup 2007"]
[Site "Helsingor"]
[Date "2007.07.22"]
[Round "3.116"]
[White "Hansen, Henrik Damgaard"]
[Black "Nielsen, Poul Bang"]
[Result "0-1"]
[WhiteElo "1904"]
[BlackElo "1506"]
[PlyCount "80"]
[EventDate "2007.??.??"]

1. e4 c5 2. c3 e6 3. d4 cxd4 4. cxd4 Nf6 5. Nc3 d5 6. e5 Nfd7 7. Bd3 Nc6 8. Nf3
Qb6 9. Be2 f6 10. exf6 Nxf6 11. O-O Be7 12. a3 O-O 13. Re1 Bd7 14. b4 Rac8 15.
Bb2 a5 16. b5 Nd8 17. Ne5 Be8 18. Bf3 Bxb5 19. Qd2 Bd6 20. Rac1 Nf7 21. Rb1 Bc6
22. Be2 Bxe5 23. dxe5 Nxe5 24. Nxd5 Nxd5 25. Bd4 Qc7 26. Bf1 Ng4 27. g3 e5 28.
Bc5 Rf7 29. h3 Ngf6 30. Be3 Kh8 31. Rbc1 Nxe3 32. Qxe3 e4 33. Bc4 Re7 34. Kh2
Re5 35. f4 Rh5 36. Kg2 Qd7 37. Rh1 Qd8 38. Be2 Rh6 39. Qc3 e3+ 40. Bf3 Bxf3+
0-1

[Event "Politiken Cup 2007"]
[Site "Helsingor"]
[Date "2007.07.22"]
[Round "3.117"]
[White "Christensen, Simon Ellegaard"]
[Black "Fjellengen, Baard"]
[Result "1/2-1/2"]
[WhiteElo "1508"]
[BlackElo "1899"]
[PlyCount "100"]
[EventDate "2007.??.??"]

1. d4 d5 2. Nf3 Nf6 3. Bf4 e6 4. e3 Bd6 5. Bg3 O-O 6. Nbd2 c5 7. c3 Nc6 8. Ne5
Qc7 9. f4 Ne7 10. Bd3 Nf5 11. Bf2 Be7 12. Qf3 g6 13. g4 Ng7 14. h4 Nd7 15. h5
Nxe5 16. dxe5 g5 17. Bg3 h6 18. fxg5 Bxg5 19. Bf4 Qe7 20. Ke2 Bd7 21. Bxg5 Qxg5
22. Qf4 Qxf4 23. exf4 f6 24. Nf3 Bc6 25. Raf1 d4 26. cxd4 cxd4 27. Rhg1 Bxf3+
28. Rxf3 fxe5 29. fxe5 Rxf3 30. Kxf3 Rf8+ 31. Ke2 Rc8 32. g5 Nxh5 33. gxh6+ Kh8
34. Kd2 Nf4 35. Bc2 Rg8 36. Rxg8+ Kxg8 37. Be4 b6 38. b4 a5 39. a3 axb4 40.
axb4 Kh8 41. Kc2 Kg8 42. Kb3 b5 43. Bc6 Kh7 44. Bxb5 Kxh6 45. Bc6 Nd3 46. b5
Nxe5 47. Be4 Nd7 48. Kc4 Kg7 49. Kxd4 Kf7 50. Bc6 Ke7 1/2-1/2

[Event "Politiken Cup 2007"]
[Site "Helsingor"]
[Date "2007.07.22"]
[Round "3.118"]
[White "Larsen, Finn"]
[Black "Brøndum, Jan"]
[Result "1-0"]
[WhiteElo "1840"]
[BlackElo "1504"]
[PlyCount "45"]
[EventDate "2007.??.??"]

1. e4 c5 2. Nf3 Nc6 3. d4 cxd4 4. Nxd4 Nf6 5. Nc3 g6 6. Be3 Bg7 7. Be2 a6 8.
O-O O-O 9. Nxc6 dxc6 10. Qc1 Re8 11. Rd1 Qc7 12. h3 Be6 13. Bd3 Rad8 14. f4 Nh5
15. Qd2 Bc4 16. Qf2 Bxd3 17. Bb6 Bd4 18. Bxd4 Rxd4 19. Qxd4 Rd8 20. Qf2 Nxf4
21. cxd3 Qe5 22. d4 Qg5 23. Qf3 1-0

[Event "Politiken Cup 2007"]
[Site "Helsingor"]
[Date "2007.07.22"]
[Round "3.119"]
[White "Hrafnkelsson, Gisli"]
[Black "Thorsteinsdottir, Hallgerdur"]
[Result "0-1"]
[WhiteElo "1505"]
[BlackElo "1808"]
[PlyCount "62"]
[EventDate "2007.??.??"]

1. e4 c6 2. d4 d5 3. e5 Bf5 4. g4 Bg6 5. h4 h6 6. h5 Bh7 7. e6 fxe6 8. Bd3 Bxd3
9. Qxd3 c5 10. Qg6+ Kd7 11. Nf3 Nc6 12. dxc5 Qa5+ 13. c3 Qxc5 14. O-O Nf6 15.
Bf4 Qc4 16. Ne5+ Nxe5 17. Bxe5 Qxg4+ 18. Qxg4 Nxg4 19. Bg3 Nf6 20. Nd2 Nxh5 21.
Rad1 Nxg3 22. fxg3 g5 23. Rf7 h5 24. Rdf1 Bh6 25. Nf3 Raf8 26. Ne5+ Ke8 27.
Rxf8+ Rxf8 28. Rxf8+ Bxf8 29. Nd3 b6 30. Kg2 Bg7 31. Nb4 Kd7 0-1

[Event "Politiken Cup 2007"]
[Site "Helsingor"]
[Date "2007.07.22"]
[Round "3.120"]
[White "Hedler, Robert"]
[Black "Olafsson, Olafur Senior"]
[Result "1-0"]
[WhiteElo "1800"]
[BlackElo "1500"]
[PlyCount "101"]
[EventDate "2007.??.??"]

1. d4 d5 2. Nf3 h6 3. e3 Bf5 4. c4 c6 5. Nc3 Nf6 6. Qb3 Qd7 7. Ne5 Qc7 8. cxd5
e6 9. dxc6 Nxc6 10. Bb5 a6 11. Nxc6 bxc6 12. Ba4 Bd6 13. h3 O-O 14. O-O Rfb8
15. Qd1 Rd8 16. Qe2 Bg6 17. Bc2 Bxc2 18. Qxc2 Nd5 19. a3 Rab8 20. Ne4 Be7 21.
Bd2 Rb5 22. b4 Rb7 23. Rfc1 Rc8 24. Qa4 Qb6 25. Rc2 Rbc7 26. Ng3 Bd6 27. f4 f5
28. Ne2 Kh7 29. Kh1 Qb5 30. Qxb5 cxb5 31. Rxc7 Rxc7 32. Ra2 g5 33. g3 Kg6 34.
Nc1 Nb6 35. Nd3 Nc4 36. Bc1 Ra7 37. a4 bxa4 38. Rxa4 Nb6 39. Ra2 Nd5 40. Bd2
Kf6 41. Ne5 Nc7 42. Nd7+ Ke7 43. Nb8 Kf6 44. Nd7+ Ke7 45. Nc5 Kf6 46. Kg2 Kg6
47. Kf2 Kf6 48. Ke2 h5 49. e4 fxe4 50. Nxe4+ Kf5 51. Nxd6+ 1-0

[Event "Politiken Cup 2007"]
[Site "Helsingor"]
[Date "2007.07.22"]
[Round "3.121"]
[White "Hinman, Chris"]
[Black "Szalai, Janos"]
[Result "1/2-1/2"]
[WhiteElo "1478"]
[BlackElo "1784"]
[PlyCount "90"]
[EventDate "2007.??.??"]

1. c4 c6 2. g3 d5 3. Bg2 Nf6 4. Nf3 e6 5. cxd5 exd5 6. O-O Be7 7. Qc2 O-O 8. d4
Nbd7 9. Nbd2 Re8 10. b3 Bd6 11. Re1 g6 12. e4 dxe4 13. Nxe4 Nxe4 14. Rxe4 Nf6
15. Rxe8+ Qxe8 16. Nh4 Qe1+ 17. Bf1 Bh3 18. Ng2 Qe4 19. Qxe4 Nxe4 20. Bd3 Re8
21. Nf4 Bf5 22. Bf1 Nc3 23. Be3 Be4 24. a3 a6 25. b4 Nd5 26. Nxd5 Bxd5 27. Rb1
Ba2 28. Rb2 Bd5 29. Rb1 Be4 30. Re1 Bc2 31. f3 Bb3 32. Kf2 f5 33. h3 Kf7 34. f4
Bd5 35. Bd3 Ra8 36. Rb1 Ke6 37. Bd2 b5 38. g4 Be4 39. Rb3 Bd5 40. Rc3 Rf8 41.
g5 h6 42. gxh6 Rh8 43. Bf1 Rxh6 44. Rg3 Kf7 45. Bg2 Bxg2 1/2-1/2